书目信息 |
| 题名: |
消防系统工程
|
|
| 作者: | 徐鹤生 , 周广连 主编 | |
| 分册: | ||
| 出版信息: | 北京 高等教育出版社 2004.01 |
|
| 页数: | 297页 | |
| 开本: | 26cm | |
| 丛书名: | ||
| 单 册: | ||
| 中图分类: | TU998.1 | |
| 科图分类: | ||
| 主题词: | 消防--xiao fang--系统工程 | |
| 电子资源: | ||
| ISBN: | 7-04-014652-5 | |
| 000 | 00918nam0 2200253 450 | |
| 001 | 012007694921 | |
| 005 | 20070921100252.68 | |
| 010 | @a7-04-014652-5@dCNY24.20 | |
| 100 | @a20070818d2004 km y0chiy0120 ea | |
| 101 | 0 | @achi |
| 102 | @aCN@b110000 | |
| 105 | @aa a 000yy | |
| 200 | 1 | @a消防系统工程@Axiao fang xi tong gong cheng@f徐鹤生, 周广连主编@Fxu he sheng,zhou guang lian zhu bian |
| 210 | @a北京@c高等教育出版社@d2004.01 | |
| 215 | @a297页@c图@d26cm | |
| 300 | @a新世纪高职高专教改项目成果教材 | |
| 320 | @a有书目。 | |
| 330 | @a本书介绍了建筑工程防火、火灾自动报警系统、室内外消火栓给水系统、自动喷水灭火系统、气体灭火系统、泡沫灭火系统、干粉灭火系统、防烟和排烟系统、安全疏散与诱导系统等内容。 | |
| 606 | 0 | @a消防@Axiao fang@x系统工程 |
| 690 | @aTU998.1@v4 | |
| 701 | 0 | @a徐鹤生@Axu he sheng@4主编 |
| 701 | 0 | @a周广连@Azhou guang lian@4主编 |
| 801 | 0 | @aCN@c20070921 |
| 905 | @dTU998.1@eX726 | |
| 消防系统工程/徐鹤生, 周广连主编.-北京:高等教育出版社,2004.01 |
| 297页:图;26cm |
| 新世纪高职高专教改项目成果教材 |
| ISBN 7-04-014652-5:CNY24.20 |
| 本书介绍了建筑工程防火、火灾自动报警系统、室内外消火栓给水系统、自动喷水灭火系统、气体灭火系统、泡沫灭火系统、干粉灭火系统、防烟和排烟系统、安全疏散与诱导系统等内容。 |
| ● |
| 相关链接 |
|
|
|
正题名:消防系统工程
索取号:TU998.1/X726
 
预约/预借
| 序号 | 登录号 | 条形码 | 馆藏地/架位号 | 状态 | 备注 |
| 1 | 260326 | 202603263 | 建筑库201/201建筑库 140排2列1层/ [索取号:TU998.1/X726] | 在馆 | |
| 2 | 260327 | 202603272 | 建筑库201/201建筑库 140排2列1层/ [索取号:TU998.1/X726] | 在馆 | |
| 3 | 260328 | 202603281 | 建筑库201/201建筑库 140排2列1层/ [索取号:TU998.1/X726] | 在馆 |